| 000 | 00449nam a2200133Ia 4500 | ||
|---|---|---|---|
| 999 |
_c3293 _d3293 |
||
| 008 | 200103s 1996 ||||xx |||||||||||||| ||und|| | ||
| 020 | _a9280114166 | ||
| 082 |
_a341.7566 _bIMO |
||
| 110 | _aInternational Maritime Organization | ||
| 245 | 0 | _a(19th) Nineteenth Resolutions and other decisions (resolutions 780-838) : 13-23 November 1995 | |
| 260 |
_bInternational Maritime Organization _c1996 _aLondon |
||
| 300 | _aviii, 368p. | ||
| 942 | _cBK | ||